000 00952cam a22003137a 4500
003 CHAP
005 20220329142422.0
008 010110d1999 nl a r 00110 eng d
010 _a83169
011 _a84141
020 _a0 444 88267 7
035 _a94660
040 _cCHAP
082 0 4 _a631.34
_bS8
100 0 0 _aStanhill, G.
_eed.
_9109450
245 1 0 _aGreenhouse ecosystems
_c/ed. by G. Stanhill and H. Zvi Enoch
260 _aAmsterdam :
_bElsevier,
_c1999.
300 _a423 p. :
_bilus.
490 0 _aEcosystems of the world
_v; 20
590 _aBATCH-UPD
_b10
_c20130110
_lUCH01
_h0733
590 _aCONVERSION
_b10
_c20130109
_lUCH01
_h1346
650 1 4 _aInvernaderos.
_960172
700 0 _aEnoch, H. Zvi
_eed.
_937009
830 0 _aEcosystems of the world
_v; 20
_935295
901 _aBK
905 _aLilia Sánchez G.
942 _cLIBRO
949 _a631.34 S8
_bBC
_cLIBRO
_d33724000812228
_eLIBRO
_gI.208897
_h99285
_i94660
_so
_t$1.657.20
999 _c83169
_d83169